[Event "Tuapse Amaks Resort op"]
[Site "Tuapse"]
[Date "2021.09.02"]
[Round "4"]
[White "Porozhniak, Maya"]
[Black "Tsybulkin, Ivan"]
[Result "0-1"]
[WhiteElo "1914"]
[BlackElo "1686"]
[PlyCount "106"]
[EventDate "2021.08.30"]
[EventType "swiss"]
[EventRounds "9"]
[EventCountry "RUS"]
[SourceTitle "CBM 204 Extra"]
[Source "ChessBase"]
[SourceDate "2021.11.30"]
[SourceVersion "1"]
[SourceVersionDate "2021.11.30"]
[SourceQuality "1"]

1. e4 e5 2. Nf3 Nc6 3. d4 exd4 4. Nxd4 Qh4 5. Nc3 Bb4 6. Ndb5 Ba5 7. Bd3 a6 8. Na3 b5 9. Nab1 d6 10. 0-0 Nf6 11. Qf3 Ne5 12. Qg3 Qxg3 13. hxg3 Bb7 14. f3 Bb6+ 15. Kh2 h5 16. Nd5 Nxd5 17. exd5 Nxd3 18. cxd3 Bxd5 19. Nc3 Bb7 20. Bd2 Kd7 21. Ne4 Rae8 22. Rae1 Re7 23. Bc3 f6 24. b4 Bc6 25. Kh3 Bd5 26. Ra1 Be6+ 27. Kh2 Bf5 28. Rfd1 d5 29. Nc5+ Bxc5 30. bxc5 Re3 31. c6+ Kxc6 32. Rac1 Kd7 33. Ba5 c6 34. Rc3 Re2 35. a3 Rhe8 36. Rdc1 R8e6 37. d4 Ra2 38. Bb4 Ree2 39. Rg1 g5 40. g4 hxg4 41. fxg4 Bxg4 42. Kg3 Bf5 43. Rf3 Ke6 44. Rc3 Be4 45. Rxc6+ Kf7 46. Rxa6 Rxg2+ 47. Rxg2 Rxg2+ 48. Kh3 Kg6 49. Ra8 Kf5 50. Re8 g4+ 51. Kh4 Rh2+ 52. Kg3 Rh3+ 53. Kf2 g3+ 0-1

[Event "Tuapse Amaks Resort op"]
[Site "Tuapse"]
[Date "2021.09.01"]
[Round "3"]
[White "Tsybulkin, Ivan"]
[Black "Khripachenko, Alexander"]
[Result "0-1"]
[WhiteElo "1686"]
[BlackElo "2210"]
[PlyCount "94"]
[EventDate "2021.08.30"]
[EventType "swiss"]
[EventRounds "9"]
[EventCountry "RUS"]
[SourceTitle "CBM 204 Extra"]
[Source "ChessBase"]
[SourceDate "2021.11.30"]
[SourceVersion "1"]
[SourceVersionDate "2021.11.30"]
[SourceQuality "1"]

1. b3 e5 2. Bb2 Nc6 3. e3 Nf6 4. Nf3 e4 5. Nd4 Nxd4 6. Bxd4 d5 7. d3 Bd6 8. dxe4 dxe4 9. Nd2 0-0 10. c4 Re8 11. Qc2 Bf5 12. h3 Bg6 13. g4 Nd7 14. 0-0-0 Qh4 15. c5 Bf8 16. c6 bxc6 17. Qxc6 Nb6 18. Kb1 Rad8 19. Nc4 Nd5 20. Rd2 Bb4 21. Rc2 Be1 22. Re2 Bc3 23. Ne5 Bxd4 24. exd4 Rxe5 25. dxe5 e3+ 26. Kb2 Bd3 27. fxe3 Bxe2 28. Bxe2 Qf2 29. Qb5 Qxe3 30. Rd1 Qxe5+ 31. Ka3 Qe7+ 32. Kb2 Qf6+ 33. Ka3 Qd6+ 34. Kb2 c6 35. Qd3 Qe5+ 36. Ka3 Qe7+ 37. Kb2 Re8 38. Bf1 g6 39. Qd4 Ne3 40. Re1 Nc4+ 41. Bxc4 Qxe1 42. Qxa7 Qd2+ 43. Ka3 Qd6+ 44. Kb2 Re7 45. Qf2 Qe5+ 46. Kb1 Qc3 47. Be2 Qd2 0-1

[Event "RUS Cup U15 final"]
[Site "Bryansk"]
[Date "2019.01.07"]
[Round "4"]
[White "Ismagilov, Damir"]
[Black "Tsybulkin, Ivan"]
[Result "1-0"]
[WhiteElo "2104"]
[BlackElo "1903"]
[PlyCount "143"]
[EventDate "2019.01.04"]
[EventType "tourn"]
[EventRounds "7"]
[EventCountry "RUS"]
[SourceTitle "CBM 189 Extra"]
[Source "ChessBase"]
[SourceDate "2019.06.03"]
[SourceVersion "1"]
[SourceVersionDate "2019.06.03"]
[SourceQuality "1"]

1. d4 d5 2. c4 dxc4 3. e3 e5 4. Bxc4 exd4 5. exd4 Nf6 6. Qb3 Qe7+ 7. Ne2 Qb4+ 8. Nbc3 Qxb3 9. Bxb3 Be7 10. Bf4 c6 11. 0-0 0-0 12. Rfe1 Na6 13. Ng3 Re8 14. Rad1 Bg4 15. f3 Bd7 16. Nge4 Nxe4 17. fxe4 Be6 18. d5 cxd5 19. exd5 Bc5+ 20. Kf1 Bg4 21. Rxe8+ Rxe8 22. Rd2 h6 23. Ba4 Rd8 24. Ne4 Bb4 25. Rd4 Bf5 26. Bb5 Bf8 27. Nc3 Nc5 28. Rd1 a6 29. Be2 b5 30. g4 Bc2 31. Rd2 Bg6 32. b4 Ne4 33. Nxe4 Bxe4 34. d6 f6 35. Bd1 g5 36. Bb3+ Kg7 37. Bg3 f5 38. gxf5 Bxf5 39. Kg2 h5 40. Be5+ Kg6 41. a4 Bg7 42. Bxg7 Kxg7 43. axb5 axb5 44. Bd1 g4 45. Be2 Be4+ 46. Kg3 Bc6 47. Kh4 Kh6 48. Bd1 Rd7 49. Bb3 Rd8 50. Be6 Bd7 51. Bxd7 Rxd7 52. Rd5 Kg6 53. Rg5+ Kf6 54. Rxh5 Ke6 55. Kxg4 Kxd6 56. Rxb5 Ke6 57. h4 Kf6 58. Rb6+ Kg7 59. Kf5 Rd5+ 60. Ke6 Rh5 61. Rb7+ Kg6 62. b5 Rxh4 63. b6 Rh1 64. Rb8 Re1+ 65. Kd6 Rd1+ 66. Kc7 Rc1+ 67. Kb7 Kf6 68. Re8 Kf7 69. Re2 Rc3 70. Kb8 Rc4 71. b7 Rc1 72. Ra2 1-0

[Event "RUS Cup U15 final"]
[Site "Bryansk"]
[Date "2019.01.06"]
[Round "3"]
[White "Tsybulkin, Ivan"]
[Black "Kazmin, Semen"]
[Result "0-1"]
[WhiteElo "1903"]
[BlackElo "1977"]
[PlyCount "89"]
[EventDate "2019.01.04"]
[EventType "tourn"]
[EventRounds "7"]
[EventCountry "RUS"]
[SourceTitle "CBM 189 Extra"]
[Source "ChessBase"]
[SourceDate "2019.06.03"]
[SourceVersion "1"]
[SourceVersionDate "2019.06.03"]
[SourceQuality "1"]

1. d4 d5 2. Bf4 Nf6 3. e3 c5 4. c3 Nc6 5. Nd2 Bf5 6. Qb3 Qb6 7. dxc5 Qxb3 8. axb3 e5 9. Bg3 Bxc5 10. Ngf3 Bd6 11. Bb5 Nd7 12. Nd4 exd4 13. Bxd6 dxe3 14. fxe3 Nb6 15. 0-0 Bg6 16. Nf3 f6 17. Nd4 Kd7 18. Bc5 Rhe8 19. Ra3 Kc7 20. Rfa1 Nc8 21. Kf2 Nxd4 22. Bxe8 Nc2 23. Bxg6 hxg6 24. Rd1 Nxa3 25. bxa3 Kc6 26. Bf8 Nb6 27. Bxg7 Rg8 28. Bh6 g5 29. h4 Nd7 30. Rh1 Ne5 31. hxg5 fxg5 32. Rh5 Nf7 33. Rh3 Kd6 34. Kg3 Ke7 35. Kg4 Rg6 36. Bxg5+ Rxg5+ 37. Kf3 Ne5+ 38. Kf4 Kf6 39. Rh6+ Rg6 40. Rh4 Rxg2 41. Rh6+ Ng6+ 42. Kf3 Rc2 43. Rh7 Ne7 44. Rh6+ Ke5 45. Rh5+ 0-1